000 00714nam a2200253Ia 4500
003 IIN
005 20250522111521.0
008 250522s2023 xx ad 001 0 eng d
020 _cRs.1495.00
_a9789354666070
040 _aIIN
_bEnglish
082 _a362.10425
_bLAL
100 1 _aLal, Sunder
245 1 _aTextbook of Community Medicine:
_bPreventive and Social Medicine /
_cSunder Lal, Adarsh and Pankaj
250 _a8th ed
260 _aNew Delhi
_bCBS
_c2023
300 _axxx, 782 p.
_bill.
500 _aIncludes Index
650 1 _aCommunity Health
_vNursing
650 1 _aCommunity Medicine
650 1 _aPreventive and Social Medicine
700 1 _aAdarsh
700 1 _aPankaj
942 _cBOOK
999 _c1834
_d1834